Фольклор и викторина. Народное творчество в век телевидения: сборник статей

Bibliografiske detaljer
Andre forfattere: Максимов В. Н. (редактор), Сокольская А. Л.
Sprog:russisk
Udgivet: Москва, Искусство, 1988
Fag:
Format: MixedMaterials Bog
KOHA link:https://koha.lib.tpu.ru/cgi-bin/koha/opac-detail.pl?biblionumber=107370

MARC

LEADER 00000nam0a2200000 4500
001 107370
005 20231031115246.0
035 |a (RuTPU)RU\TPU\book\115928 
090 |a 107370 
100 |a 20061221d1988 km y0rusy5003 ca 
101 0 |a rus 
102 |a RU 
105 |a y z 001zy 
200 1 |a Фольклор и викторина. Народное творчество в век телевидения  |e сборник статей  |f под ред. В. Н. Максимова, А. Л. Сокольской 
210 |a Москва  |c Искусство  |d 1988 
215 |a 205,[2] с., [8] л. ил. 
320 |a Библиогр. в конце ст. 
610 1 |a народное творчество 
610 1 |a телевидение 
610 1 |a СССР 
610 1 |a фольклор 
610 1 |a викторины 
610 1 |a фотографии 
610 1 |a самодеятельность 
675 |a 793  |z rus 
702 1 |a Максимов  |b В. Н.  |4 340 
702 1 |a Сокольская  |b А. Л.  |4 340 
801 0 |a RU  |b RuMRKP  |c 19950417  |g psbo 
801 1 |a RU  |b 63413507  |c 20061221  |g PSBO 
801 2 |a RU  |b 63413507  |c 20070220  |g PSBO 
942 |c BK